[Event "Russian Team Championship"]
[Site "Dagomys"]
[Date "2007.05.08"]
[Round "7"]
[White "GM Alekseev, Evgeny(RUS)"]
[Black "GM Morozevich, Alexander(RUS)"]
[Result "0-1"]
[WhiteElo "2679"]
[BlackElo "2762"]
[Annotator "Ëåáåäåâ Âàñèëèé"]
[PlyCount "86"]
[EventDate "2007.??.??"]

{Ëàñêåð áûë áû äîâîëåí} 1. Nf3 Nf6 2. c4 e6 3. d4 d5 4. Bg5 Bb4+ 5. Nc3 Nbd7 6.
e3 c5 7. cxd5 exd5 8. Bd3 Qa5 9. Qc2 c4 10. Bf5 O-O 11. O-O Re8 12. Nd2 g6 13.
Bh3 ({Â ñëó÷àå} 13. Bxd7 Nxd7 14. f3 Nb6 15. Bf4 Bxc3 16. bxc3 Qa4 17. Qc1 Bf5
18. Re1 Qc6 19. Nf1 Bd3 {÷¸ðíûå ïîëó÷èëè õîðîøóþ èãðó, õîòÿ âûèãðàòü èì íå óäàëîñü:} 20. Ng3 Re6
21. Nh1 f6 22. h4 Rae8 23. Nf2 Qa4 24. Rd1 Kg7 25. Qb2 R8e7 26. Nxd3 cxd3 27.
Rxd3 Nc4 28. Qf2 Rb6 29. Qg3 Rb2 30. e4 dxe4 31. fxe4 Rxe4 32. Rf1 Qd7 33. Rdf3
Ree2 34. R3f2 Qe7 35. Rxe2 Rxe2 36. a4 Ne3 37. Bxe3 Rxe3 38. Rf3 Rxf3 39. Qxf3
Qe1+ 40. Kh2 Qxh4+ 41. Kg1 Qe1+ 42. Kh2 Qe7 43. c4 h5 44. c5 h4 45. Kh3 g5 46.
Kg4 a5 47. Kh5 Qe8+ 48. Kg4 Qc8+ 49. Kh5 Qe8+ 50. Kg4 Qf7 51. Qf5 Qe7 52. Qf3
Kh6 53. Qd5 Qc7 54. Kf5 Kg7 55. Kg4 Qc8+ 56. Kf3 h3 57. gxh3 Qxh3+ 58. Kf2 Qh2+
59. Kf1 Qf4+ 60. Kg2 Qd2+ 61. Kg3 Qe3+ 62. Kg2 Qe2+ 63. Kg3 Qe7 64. Kg4 Qc7 65.
Qe4 Kf8 66. Qf5 Qc6 67. d5 Qxc5 68. Qxf6+ {
1/2-1/2 Mamedyarov,S (2728)-Aronian,L (2741)/Moscow 2006/EXT 2007}) 13... Kg7
14. Bh4 {Íó âîò, ìû äîáðàëèñü äî ïîñëåäíåãî ñîâïàäåíèÿ ñ
ïàðòèåé-ïåðâîèñòî÷íèêîì.  Â îáùåì, âñå ñìîòðÿò íà ïîçèöèþ è âèäÿò òàì
÷òî-òî ñâî¸. È òîëüêî Ìîðîçåâè÷ âèäèò èñòèíó -} Nb6 $1 {
Ïîñëå ýòîãî õîäà ôåðçü â îïàñíîñòè? «Íàïëþâàòü»!} ({Â «ïåðâîèñòî÷íèêîâîì»
ïîåäèíêå ÷¸ðíûå çàòåÿëè îáøèðíûå ðàçìåííûå îïåðàöèè, ÷òî íà áëàãî èì íå
ïîøëî: 1} 14... Bxc3 15. bxc3 Ne4 16. Nxe4 Rxe4 17. Bg3 Nb6 18. Bxc8 Rxc8 19.
Rfb1 {À ïîòîì èõ îáóÿëà «æàäíîñòü».} Na4 20. Rxb7 Nxc3 21. Be5+ Kg8 22. Qd2 (
{íåïëîõî áûëî è} 22. a4 $1 {
, ïîñëå ÷åãî êîíü ÷¸ðíûõ çàãîíÿëñÿ â ëîâ÷óþ ÿìó, ïðÿìî íà ëàäåéíûå êîëüÿ})
22... Qa6 23. Rd7 Qa4 24. Rd6 Rxe5 $6 ({
(«ñêèäûâàòü» êà÷åñòâî, ïîõîæå, áûëî åù¸ ðàíî: ñèëüíåå} 24... Qa3 $1 25. f3
Rh4 26. Rc1 $4 Qxc1+ $1) 25. dxe5 Ne4 26. Qxd5 Nxd6 27. exd6 {
è áåëûå âûèãðàëè (1-0  Temirbaev,S - Naumkin,I (2420)/Pinsk 1986).} c3 28. g3
h5 29. Rc1 c2 30. h4 Qb4 31. d7 Rd8 32. Qc6 Qg4 33. Rxc2 Rxd7 34. Kg2 Rd1 35.
Qe8+ Kg7 36. Rc8 Kf6 37. Qh8+ Ke6 38. Re8+ Kd7 39. Qe5 {
1-0 Temirbaev,S-Naumkin,I (2420)/Pinsk 1986/EXT 2000}) 15. Nb3 {
Ïðèõîäèòñÿ «âûèãðûâàòü» ñèëüíåéøóþ ôèãóðó ïðîòèâíèêà,} ({, ïðè÷¸ì ïðèõîäèòñ
ÿ òàêæå ñîãëàøàòüñÿ ñ «èñïîð÷åííîñòüþ» ïåøåê ñâîåãî êîðîëåâñêîãî ôëàíãà:
ïëîõî} 15. Bxc8 $2 Raxc8 16. Nb3 $2 (16. a3) 16... cxb3 17. axb3 Bxc3 18. Rxa5
Bxa5 {, è ó ÷¸ðíûõ ëàäüÿ è äâå ôèãóðû çà ëàäüþ.}) 15... cxb3 $1 {
Èäòè íà ïîïÿòíóþ óæå íåëüçÿ. Äà è íå íàäî.} ({
Íî âñ¸ æå ïîñìîòðèì, ÷òî áûëî áû â ñëó÷àå} 15... Qa6 $2 {
À áûëî áû, íàâåðíîå, ïðèìåðíî ñëåäóþùåå:} 16. Nc5 Qa5 (16... Bxc5 17. Bxf6+ $1
Kxf6 18. dxc5 Bxh3 19. gxh3 Nd7 20. Nxd5+ Kg7 21. Nc7) 17. Bxf6+ Kxf6 18. Bxc8
Raxc8 19. Nxb7 Qa6 20. a3 $1 Be7 ({åñëè} 20... Qxb7 {, òî} 21. axb4 {
ñ ëèøíåé è ïûøóùåé çäîðîâîé ïåøêîé}) 21. Nc5 Qa5 (21... Bxc5 22. dxc5 Rxc5 23.
Qd2 $1) 22. e4 Bxc5 23. Qd2 $3 ({íà} 23. dxc5 {åñòü çàïóòûâàþùåå ñèòóàöèþ} d4
) {><,ðíûå ñïàñòèñü ìîãóò òîëüêî ñëó÷àéíî:} 23... Kg7 24. dxc5 Rxc5 25. Qd4+
Kh6 (25... Kg8 26. Rad1 $16) 26. f4 $1 dxe4 27. g4 $1 {
(«ïñèõè÷åñêàÿ»  àòàêà)} Rd5 28. g5+ Kh5 29. Qg7 {
, è ïóòåøåñòâèå ÷¸ðíîãî êîðîëÿ ñêîðî çàêîí÷èòñÿ.}) 16. axb3 Bxc3 17. Rxa5
Bxa5 18. Bxf6+ {
Áåëûì ê òîìó æå ïðèõîäèòñÿ «èçáàâëÿòüñÿ» îò «ïðåèìóùåñòâà» äâóõ ñëîíîâ.} ({
Âåäü íà} 18. Qc5 {åñòü} g5 $1 19. Bxg5 Ne4 {
, è ÷¸ðíûå îñòàþòñÿ ñ ëàäü¸é è äâóìÿ êîíÿìè ïðîòèâ ôåðçÿ.}) 18... Kxf6 19.
Qc5 Bxh3 $1 {È ýòî ïðàâèëüíî.} ({Ïîñëå} 19... Bd2 $6 {
áåëûå äàæå ìîãóò îñòàâèòü (âðåìåííî) â æèâûõ ýòîãî ñëîíà:} 20. Rd1 $5 ({íî íå} 
20. Qc2 $2 Bb4) ({à ïîñëå} 20. Qd6+ Kg7 21. Rd1 Bxh3 22. gxh3 Rad8 23. Qa3 Bxe3
24. fxe3 Rxe3 {è ò.ä. ïîëó÷àåòñÿ ïðèìåðíî òàêîå æå ïîëîæåíèå, ÷òî è â ïàðòèè}
) {È òåïåðü ïîïûòêà íå îòäàòü ìàòåðèàë ïóò¸ì} 20... Be6 ({íàâåðíîå, íàäî èãðàòü
} 20... Bxh3 21. gxh3 Bxe3 22. fxe3 Rxe3 {è ò.ä.}) 21. Qd6 Rac8 22. Qe5+ Ke7
23. Bxe6 f6 24. Qg3 Kxe6 25. Qh3+ f5 26. Qxh7 {å ñòîëü óæ è ïåðñïåêòèâíà.}) 20.
gxh3 {Ñëîíó èç êàïêàíîâ íå âûáðàòüñÿ, íî îòäàòü åãî íàäî ïîäîðîæå} Bd2 21. Rd1
Bxe3 22. fxe3 Rxe3 {È åù¸ ðàç áûëà ïîäòâåðæäåíà ïðàâîòà âòîðîãî ÷åìïèîíà ìèðà
Ýììàíóèëà Ëàñêåðà î òîì, ÷òî êîìïåíñàöèÿ åãî èìåíè çà ôåðçÿ (ëàäüÿ, êîíü è
ïåøêà) âïîëíå äîñòàòî÷íà. Äëÿ ÷åãî äîñòàòî÷íà? Ïî êðàéíåé ìåðå, äëÿ
èíòåðåñíîé èãðû!} 23. Qc7 Kg7 {(ãðîçèëî Rf1)} 24. Rf1 Rf8 25. Qxb7 Rxb3 ({
Åñòåñòâåííî, â ñòîðîíó ïåøåê «h» (} 25... Rxh3 {
) ÷¸ðíûå ïîêà è íå ñìîòðÿò, èõ âðåìÿ åù¸ ïðèä¸ò.}) 26. Qxa7 Rxb2 {È íà äîñêå âñ¸ òå æå, 
íî áåç ñòàòèñòîâ ôåðçåâîãî ôëàíãà. À òåïåðü íåáîëüøàÿ öèòàòà èç
âîñïîìèíàíèé Àëåêñàíäðà Èëüèíà-Æåíåâñêîãî, ó÷àñòíèêà ìîñêîâñêîãî òóðíèðà 1925
ãîäà, â ïàðòèè ñ êîòîðûì Ëàñêåð òî÷íî òàê æå æåðòâîâàë ôåðçÿ. Îòêóäà,
ñîáñòâåííî ãîâîðÿ, è ïîøëî ñàìî âûðàæåíèå «ëàñêåðîâñêàÿ êîìïåíñàöèÿ»: «Íà
÷òî ðàññ÷èòûâàë ÷åìïèîí, îòäàâàÿ ôåðçÿ? Âî-ïåðâûõ, åãî ìíîãîëåòíèé îïûò
ïîäñêàçûâàë åìó, ÷òî ìíîãèå ìàñòåðà ïåðåîöåíèâàþò ñèëó ôåðçÿ. Äà è ïîçèöèè ñ
(+)ëèøíèì[+] ôåðç¸ì èì, êàê ïðàâèëî, íåçíàêîìû. Âî-âòîðûõ, òàêèå íåçíàêîìûå
ïîçèöèè ìàñòåðà ðàçûãðûâàþò íåóâåðåííî, à êðîìå òîãî, ïðèîáðåòåíèå ôåðçÿ
íåðåäêî âûçûâàåò ó íèõ ÷ðåçìåðíûé ýìîöèîíàëüíûé ïîäú¸ì, çàòðóäíÿþùèé
íàõîæäåíèå ïðàâèëüíîãî ïëàíà èãðû».} 27. Rf2 ({Èíòåðåñíî áûëî áû ïîíàáëþäàòü
çà ïàðòèåé, â êîòîðîé «ïðîãà» çàùèùàëàñü áû òóò ïðîòèâ ÷åëîâåêà. Âèäèìî,
ïîëó÷øå áûëî} 27. Qb7 $5 {(Rybka), íà âðåìÿ íå äîïóñêàÿ ñëåäóþùåãî ïåðåâîäà
÷¸ðíîãî ñêàêóíà, ïðîøåäøåãî â ïàðòèè.}) 27... Rb1+ 28. Kg2 Nc4 {
Êîíü èä¸ò â ëþäè, òî åñòü â öåíòð.} 29. Qe7 ({
Ïîÿâëåíèå êîíÿ íà å3 îáåùàåò áîëüøèå íåïðèÿòíîñòè áåëîìó êîðîëþ. Íàïðèìåð:} 
29. Qd7 Ne3+ {. Õîòÿ Rybka äî ïîðû äî âðåìåíè íå îñîáî óíûâàåò: 3} 30. Kg3 (30.
Kf3 $2 Nf5 31. Qxd5 Rb3+ $1 32. Kf4 Rxh3 {
, à çàòåì ÷¸ðíûå âûèãðûâàþò åù¸ è ïåøêó d4}) 30... Rb3 (30... Nf5+ 31. Rxf5
$1) 31. Kf4 $5 (31. Rf3 Nf5+ 32. Kg4 Rb1 33. Rxf5 $2 Rg1+ 34. Kh4 gxf5 35. Qxf5
$2 Re8 36. Kh5 Re6 37. Qf4 Rgg6 $19) 31... Nf5 32. Rf3 Rb2 33. Ke5 Re2+ ({
ñëàáåå ýôôåêòíîå} 33... Re8+ 34. Kxd5 Rbb8 35. Rxf5 $1 gxf5 36. Kc4) 34. Kxd5
Re7 35. Qc6 Rd8+ 36. Kc5 Re2 {, è ïåøêà íà d4 âñ¸ æå áóäåò ïîòåðÿíà, à ó ÷¸ðíûõ
 îñòàþòñÿ íà äîñêå äâå ëàäüè...}) 29... Rb3 {Ó ÷¸ðíûõ òóò åñòü ïëàíû
óñèëåíèÿ, ïåðñïåêòèâû ðàçâèòèÿ, ïðîãðàììû ïåðåñòðîéêè. À âîò ó áåëûõ - îäíà
íóäíàÿ çàùèòà íà óìå. È íè÷åãî áîëüøå... Ïðîòèâíàÿ, ïî ìîåìó, ó íèõ ïîçèöèÿ.}
30. Rf3 Rb2+ 31. Rf2 Rb6 32. Re2 ({
Ìîæåò, ñòîèëî õîòÿ áû ïðèãðîçèòü íåìíîãî ñîïåðíèêó ïóò¸ì} 32. h4 {, âûíóæäàÿ}
h5 {, à ïîòîì íà÷àòü «ñòîÿòü»:} 33. Rf3 {è ò.ä.}) 32... Rf6 33. Rf2 Rd6 34.
Kg3 Kg8 {×¸ðíûå, ÿñíîå äåëî, îñîáûõ òåëîâèæåíèé íå ñîâåðøàþò. Âîò êîíòðîëü
ïðîéä¸ò, òîãäà...} 35. Rf6 {Íó ðàç áåëûå ñàìè «íàïðàøèâàþòñÿ»} Rxf6 36.
Qxf6 Ne3 {Ñíà÷àëà êîíü, à çàòåì è ëàäüÿ ÷¸ðíûõ «ïðèñìàòðèâàþòñÿ» ê áåëîé
ïåøêå íà d4.} 37. Qe5 Nf5+ 38. Kf2 Rd8 {Êñòàòè, òóò ó íàñ, â Ðîññèè, ïðîõîäèò
÷åìïèîíàò ìèðà ïî õîêêåþ. Ïîýòîìó «ïåðåêëþ÷àþ ðåãèñòð». ;)  Äî êîíòðîëÿ
ïîèãðàåì åù¸ â «ðàâíûõ ñîñòàâàõ», îáîþäíîå óäàëåíèå öåíòðàëüíûõ ïåøåê
çàïëàíèðîâàíî íà ïîòîì.} 39. Kg1 ({Åñëè} 39. h4 {, òî} h5 ({íî íå} 39... Nxh4
$2 40. Qe7)) 39... h5 {Ïðîáðîñ ïî áîðòèêó.} 40. Kf2 Ng7 {Íà ñêàìåéêó çàïàñíûõ!
À ïî ïðîñòîìó, ïî-øàõìàòíîìó ãîâîðÿ, ôèàíêåòòèðîâàòü êîíÿ êîíòðîëüíûì õîäîì -
ýòî ñòèëüíî! ;)} 41. Qc7 Ne6 {Ñìåíà!} 42. Qa5 Rc8 {Íàìå÷àåòñÿ íåáîëüøàÿ
äðà÷êà òàôãàåâ, â ðåçóëüòàòå ÷åãî èãðîâàÿ ïëîùàäêà åù¸ áîëåå î÷èùàåòñÿ.} 43.
Qxd5 Rd8 {òåïåðü ñëó÷èëñÿ êîíåö ñâåòà: «Âî âðåìÿ ñåäüìîãî òóðà âî âñ¸ì
ñàíàòîðèè «Äàãîìûñ» íåîæèäàííî è íàäîëãî ïðîïàëî ýëåêòðè÷åñòâî...» ( Â.
Áàðñêèé, ChessPro).  Òàê ÷òî ïîáåäó ÷¸ðíûå îäåðæèâàëè óæå «ïðè ñâå÷àõ»}
0-1

[Event "Russian Team Championship"]
[Site "Dagomys"]
[Date "2007.05.10"]
[Round "8"]
[White "GM Morozevich, Alexander(RUS)"]
[Black "GM Lputian, Smbat G(ARM)"]
[Result "1-0"]
[WhiteElo "2762"]
[BlackElo "2634"]
[Annotator "Ëåáåäåâ Âàñèëèé"]
[PlyCount "79"]
[EventDate "2007.??.??"]

{Âûðóáêà ïåðâîé äîñêè. Íàâñåãäà ;)  Ýëèòíûå øàõìàòèñòû îòëè÷àþòñÿ îò
ïðîñòî õîðîøèõ ãðîññìåéñòåðîâ ñâîåé, òàê ñêàçàòü, «âñåÿäíîñòü» Òî åñòü îíè
îäèíàêîâî õîðîøî èãðàþò îäèí è òîò æå äåáþò çà îáà öâåòà. Âîò êàê ÿðêèé
àïîëîãåò «ôðàíöóçñêîé» çà ÷¸ðíûõ îáûãðàë äðóãîãî ñòîéêîãî «ôðàíöóçà»,
ïðèìåíèâøåãî «íåïðàâèëüíûé» âàðèàíò.  Âîîáùå - ýòî, ïî-ìîåìó, ñàìàÿ êðàñèâàÿ
ïàðòèÿ òóðà.} 1. e4 e6 2. d4 d5 3. Nc3 Bb4 4. e5 Ne7 5. a3 Bxc3+ 6. bxc3 c5 {
Â áàçå îáíàðóæåíî áûëî 30 (!) ïàðòèÿ Ñìáàòà Ëïóòÿíà çà ÷¸ðíûõ. Ðåçóëüòàòû?
Ïåðåìåííûå.  È «âñåãî» 5 «áåëûõ» ïàðòèé Àëåêñàíäðà Ìîðîçåâè÷à. Èòîã?
+5-0=0!} 7. h4 Nbc6 8. h5 Qa5 9. Bd2 Bd7 10. h6 gxh6 11. Rb1 ({Èãðàëè è} 11.
Nf3 Ng8 $5 12. c4 {, è â äàëüíåéøåé ðóáêå áåëûå áûëè áîëåå óäà÷ëèâåå:} Qc7 13.
cxd5 exd5 14. dxc5 O-O-O 15. Be2 Bg4 16. Kf1 h5 17. Rb1 f6 18. e6 Nge7 19. Ne1
Ne5 20. Nd3 N7g6 21. a4 Rhe8 22. a5 Rxe6 23. f3 Bf5 24. a6 Nxd3 25. axb7+ Kb8
26. Bxd3 Bxd3+ 27. cxd3 h4 28. d4 Rde8 29. Rb2 R8e7 30. Qc1 a6 31. Rh3 Re8 32.
f4 Ne7 33. Qb1 Nc6 34. f5 Re4 35. Rb6 Qd7 36. Rxa6 Qxf5+ 37. Rf3 Re1+ 38. Qxe1
Rxe1+ 39. Bxe1 Qd7 40. Rxf6 {
1-0 Short,N (2684)-Lputian,S (2634)/Taiyuan 2004/CBM 102/[Psakhis]}) 11...
O-O-O {Ïîêàìåñò èä¸ò ïîâòîðåíèå ðàíåå óæå èãðàííîãî â ïàðòèè íå ñàìûõ
èçâåñòíûõ øàõìàòèñòîâ.} ({À âîò} 11... Qxa3 {íå âñòðå÷àëîñü äàæå â ïàðòèÿõ
ñîâñåì óæå íåèçâåñòíûõ èãðîêîâ è, êàê ìíå êàæåòñÿ, ïî ñëåäóþùåé ïðè÷èíå:} 12.
Rb3 (12. Rxb7 cxd4) 12... Qa4 (12... Qa5 13. Rxb7) 13. Qc1 $1 {
ôåðçü ÷¸ðíûõ ðèñêóåò çàáëóäèòüñÿ -} cxd4 $4 14. Ra3 {.}) {È âîîáùå, ïàðòèé ñ
òàêèì ïîëîæåíèåì ñëó÷èëàñü âñåãî òðè, äà è èãðàëè òàì øàõìàòèñòû íå òàêèå
ñèëüíûå...} 12. Rb5 $146 {
Àëåêñàíäð ñðàçó áåð¸ò áûêà çà ðîãà, è ïðåäëàãàåò ÷¸ðíûì âûñêàçàòüñÿ.} Qa4 ({
Áèòü íà à3 áîÿçíî, âåäü âåëèê ðèñê íàòêíóòüñÿ, òî÷íåå, ïîëó÷èòü îò ñîïåðíèêà
«â ïîäàðîê» âàðèàíòèê íàïîäîáèå ñëåäóþùåãî} 12... Qxa3 13. Qb1 cxd4 $2 14.
Rxb7 dxc3 15. Be3 Nf5 $2 16. Bc5 $1 Qa4 (16... Qxc5 17. Ba6 {è ìàò!}) 17. Bxa7
$1 {âåñüìà âåëèê.}) {Îäíàêî ïîñëå «êðåïêîãî» õîäà â ïàðòèè} 13. Qb1 $1 {
È âûÿñíÿåòñÿ, ÷òî áåëûå çàõâàòèëè èíèöèàòèâó.} Na5 {
Âèäèìî, íå ëó÷øàÿ ðåàêöèÿ.} ({Òàêæå íå âïîëíå óäà÷íî è} 13... cxd4 14. Rxb7 {
- ôèãóðû áåëûõ áàððàæèðóþò (óæå íà 14-ì õîäó!) â îïàñíîé áëèçîñòè îò ÷¸ðíîãî
êîðîëÿ. È, íàïðèìåð, ïîñëå ïàðû «åñòåñòâåííûõ» õîäîâ} {} dxc3 $2 15. Be3 d4 $2 {ñëåäóåò}
16. Bxd4 $3 {è òî, ÷òî áèòü ñëîíà íåëüçÿ îçíà÷àåò¸ ÷òî ÷¸ðíûì ïëîõî:} Qxd4
({«èëè»} 16... Nxd4 17. Rb8+ Kc7 18. Qb7#) ({à åñëè} 16... Nd5 {
, òî ñèëüíî 17.Rh4!} 17. Rh4 $1) 17. Ba6) ({
Ïî âñåé âèäèìîñòè, èñêàòü êîíòðøàíñû ñëåäîâàëî íà òàêèõ äâóõ ëèíèÿõ:  À)} 13...
b6 $5 {È, ïîõîæå, ÷òî íåîïàñíî} 14. dxc5 Nxe5 (14... Qe4+ 15. Kd1 $1 Nxe5 16.
Rxb6 $1) 15. Rb4 Qxa3 16. cxb6 axb6 17. Rxb6 {ââèäó} Bc6 $1) ({Èëè òàê Á)} 
13... Nxd4 $5 {È äàëåå} 14. cxd4 Bxb5 15. Bxb5 Qxd4 16. Nf3 Qg4 {è ò.ä.}) 14.
Rxc5+ {Ïîæåðòâîâàííûé ìàòåðèàë óæå îòûãðàí...} Kb8 15. Rh3 $5 {
Êîñâåííàÿ çàùèòà ïåøêè à3.} ({Íî, ìîæåò áûòü, ñèëüíåå áûëî} 15. Bxh6 $1 {
ñ èäååé} Qxa3 (15... Nf5 16. Bd2) (15... b6 $5 16. Bg5 Rde8 17. Nf3) 16. Bc1 $1
Qa4 17. Bg5 $1 Rde8 18. Bf6 $16 {.}) 15... b6 (15... Qxa3 $2 16. c4 $1) 16. Rf3
{À âîò òóò âîçíèê âîïðîñèê.} ({Êàæåòñÿ, ëó÷øå} 16. Rb5 Nc4 (16... Bxb5 17.
Bxb5 Qxa3 18. Bc1) 17. Rb4 {, ïîëó÷àÿ â ñëó÷àå} Nxa3 (17... Qxa3 18. Bc1 Qa6
19. Nf3 Rhg8 20. Nd2 {è ò.ä.}) 18. Rxa4 Nxb1 19. Ra1 {
ïðèìåðíî òîæå, ÷òî è â ïàðòèè.}) {
Ïîòîìó ñåé÷àñ (ÈÌÕÎ) ÷¸ðíûå ìîãëè îòâåòèòü ñèëüíåå, íåæåëè} 16... Ka8 ({
À èìåííî} 16... Nf5 $1 {Íàïðèìåð,} 17. g4 ({èëè} 17. Bd3 Nb7 $1) 17... Rhg8 $1
18. Rf4 h5 $1 {, è êîíü íà f5 - ýòî âñåðü,ç è íàäîëãî...}) 17. Rb5 Nc4 ({
Ðàçóìååòñÿ, íåëüçÿ} 17... Bxb5 $4 18. Bxb5 Qxa3 19. Bc1) ({
À âîò âûäâèæåíèå âïåð¸ä} 17... Nf5 {òåïåðü íå ñòîëü ñèëüíî, èáî ÿâëÿåòñÿ ëèøü
«ïîçèöèîííûì» ïðîäîëæåíèåì, è íå çàìåøàíî (êàê â ïðèìå÷àíèè ê 16-ìó õîäó ÷¸ðíûõ)
 íà âñÿêîé ðàçíîé õèòðîé òàêòèêå. Íàïðèìåð,} 18. Rb4 Qc6 19. Ne2 Rhg8 20.
Ng3 {ñ ïåðåâåñîì.}) {À òåïåðü áåëûå èãðàþò} 18. Rb4 $1 {, çàñòàâëÿÿ ÷¸ðíûõ
ñëåäîâàòü â ðóñëå ÑÎÁÑÒÂÅÍÍÎÃÎ çàìûñëà, êîòîðûé, ïî-ìîåìó, «êîìïàì» ïîêà
íåäîñòóïåí. Èëè äîñòóïåí, íî ñîâñåì íå ñðàçó.} Nxa3 {
Ïðèõîäèòñÿ ñîãëàøàòüñÿ íà ýòî «ïðåäëîæåíèå».} 19. Rxa4 Nxb1 20. Ra1 Nxd2 21.
Kxd2 {È êàê â òàêèõ ñëó÷àÿõ ïðèíÿòî ãîâîðèòü: «ëèøíÿÿ ïåøêà ÷¸ðíûõ íèêîãî
íå äîëæíà ââîäèò â çàáëóæäåíèå».} Rdf8 ({Åñëè} 21... Nf5 {, òî} 22. Bd3 Rhg8
23. Bxf5 exf5 24. g3 Rg6 25. Ne2 {
- è, ÷òîáû ñîñ÷èòàòü ñëàáûå ïåøêè ÷¸ðíûõ, åëå õâàòàåò ïàëüöåâ íà ðóêå!}) 22.
Bd3 Rhg8 (22... Kb7) 23. g3 h5 {Ìíå êàæåòñÿ, ÷òî ýòà èäåÿ çàïîëó÷èòü õîòÿ áû
íàì,ê íà êîíòðèãðó, îêàçûâàåòñÿ òîé ñàìîé ïîñëåäíåé ñîëîìèíêîé, êîòîðàÿ ëîìàåò
õðåáåò ïîçèöèè ÷¸ðíûõ. Âåäü ëèíèè íà êîðîëåâñêîì ôëàíãå âñêðûâàþòñÿ
èñêëþ÷èòåëüíî äëÿ áåëûõ ôèãóð. À ÷¸ðíûå ñòðàäàëüöû êàê þòèëèñü â
êîììóíàëêå, ðàñïîëîæåííîé íà äâóõ ïîñëåäíèõ ëèíèÿõ, òàê òàì è ïðåáûâàþò.} ({
Ìîæåò, ñëåäîâàëî «ïîñëàòü ãîíöà»? Íàïðèìåð} 23... Rg5 $5 24. Nh3 ({èëè} 24.
Bxh7 Rh5) 24... Rh5 25. Rh1 (25. Nf4 Rh2 26. Bxh7 Kb7) 25... Kb7 26. Be2 Rf5 {
, à ïîòîì ïîïðîáîâàòü íàäâèíóòü ñâîþ ïðîõîäíóþ ïî ëèíèè «à» êàê ìîæíî
äàëüøå?}) 24. Ne2 (24. Rf6 $5) 24... h4 {Ñêàçàâ «h5», ãîâîðè è «h4».} 25.
Rh1 $1 hxg3 {Ñäâîåííîñòü êðàéíèõ ïåøåê «h», ñìóùàâøàÿ ÷¸ðíûõ íà÷èíàÿ ñ
10-ãî õîäà, íàêîíåö-òî èñ÷åçëà, íî âîò èçîëèðîâàííîñòü îñòàâøåéñÿ â æèâûõ
«îòùåïåíêè» íèêóäà íå äåëàñü...} 26. Nxg3 Rh8 27. Nh5 {Ïóãàÿ ñîïåðíèêà
«ïðèãâîæäåíèåì» âñåé åãî ïîçèöèè ïóò¸ì Nf6. Ðàçóìååòñÿ â ñòîðîíó ñëàáîñòè íà
h7 ïîêà íèêòî è íå ãëÿäèò.} (27. Rxh7) (27. Bxh7) 27... Ng8 28. Rg1 f5 {
Êîììåíòàðèé ê òàêîìó õîäó ìîæåò áûòü òîëüêî îäèí: «ñ ãîðÿ»... Íî ÷òî ìîæíî
ïðåäëîæèòü} ({Íî ÷òî ìîæíî ïðåäëîæèòü âçàìåí?} 28... Kb7 {
×òîáû â äàëüíåéøåì õîòÿ ñëîíà íà d7 çàùèòèòü.} 29. Rg7 Kc6 ({Cîâñåì âñåì ñëàáî
} 29... a5 $2 30. Rfxf7 Rxf7 31. Rxf7 Kc6 32. Rf8 {è Nf6+-}) ({à åñëè} 29...
Be8 {, òî} 30. c4 Ne7 31. cxd5 Nxd5 32. Be4 Bc6 33. c4 {è ò.ä.}) 30. c4 $1 ({
åñëè} 30. Rfxf7 $2 {, òî} Rxf7 31. Rxf7 Be8 32. Rxh7 Rxh7 33. Bxh7 Bxh5 34.
Bxg8 {- ãì-ì, à íå íè÷üÿ ëè ýòî, íåñìîòðÿ íà ëèøíþþ ïåøêó áåëûõ?}) 30...
dxc4 31. Bxc4 b5 32. Bd3 {È íàïðèìåð, ïîñëå} a5 $2 (32... Be8 33. Bxh7) (32...
Kb6) {âñ¸ î÷åíü áûñòðî çàêàí÷èâàåòñÿ:} 33. Rfxf7 Rxf7 34. Rxf7 Be8 (34... Nh6
35. d5+) 35. Be4+ Kb6 36. Rb7+ Ka6 37. Ng7 $18 {
Ýòè ïðèìåðíûå âàðèàíòû ïîêàçûâàþò, ÷òî ÷¸ðíûì òÿæåëî}) (28... Be8 {
ñîâñåì íå ñìîòðèòñÿ, íî çàñëóæèâàåò âíèìàíèÿ.}) 29. Rg7 Bc8 ({
Íå ñëèøêîì ìíîãî ìåíÿåò â íàøèõ ïðåäñòàâëåíèÿõ îá ýòîé ïîçèöèè è ïðîäîëæåíèå} 
29... Rd8) 30. Nf4 {
Ñïåøèòü íèêóäà íå íàäî, íóæíî ïðîñòî ïîñòàâèòü ôèãóðû íà ïðàâèëüíûå ïîëÿ.} Nh6
31. c4 $1 {Øòàìï «íà÷àëî êîíöà» â äàííîì êîíêðåòíîì ñëó÷àå âïîëíå óìåñòåí.}
dxc4 32. Bxc4 Rd8 33. c3 Ng4 {
Òñ-ñ! Òîëüêî íèêîìó íå ãîâîðèòå, ÷òî ó ÷¸ðíûõ òóò «ëèøíÿÿ» ïåøêà.} ({Åñëè} 
33... Rd7 {, òî} 34. Rfg3 Rxg7 35. Rxg7 Re8 36. Rxh7 {
è òóò äàæå «è ò.ä.» êàê-òî íåëîâêî ñòàâèòü.}) 34. Ke2 $1 {
Çåâíóòü íà å5 áûëî áû ñëèøêîì îáèäíî.} Rhe8 {
Ïðîèãðûâàåò, ãì-ì, äàéòå ïîñ÷èòàòü, ôèãóðó...} ({Íî ðàçâå} 34... Rde8 {è äàëåå
} 35. Rh3 h5 36. f3 Nh6 37. Rxh5 {ìîæíî ñ÷èòàòü äîñòîéíîé àëüòåðíàòèâîé?}) 35.
Rh3 Rd7 36. Rxd7 Bxd7 37. Rxh7 b5 {Íåáîëüøàÿ òàêàÿ, ïðåäêîíòðîëüíàÿ, êàê áû
òàêòèêà, ñèãíàëèçèðóþùàÿ, ïî êðàéíåé ìåðå, î òîì, ÷òî ÷¸ðíûå åù¸ íå ñäàëèñü.
} 38. Bb3 Bc8 39. f3 {À òåïåðü} a5 {
èãðàåòñÿ ëèøü òîëüêî ïîòîìó, ÷òî íîìåð õîäà - 39-é...} 40. fxg4 {
Ñòèëüíàÿ ïîáåäà! Ðåçóëüòàò Ìîðîçåâè÷à íà 1-é äîñêå - +4!} 1-0